000 00295nam a22001337a 4500
020 _a978-8180141126
041 _aENG
100 _aArora .K.R
245 _aSoil Mechanics And Foundation Englneering
260 _aPune
_bStandard PUB
_c1997
300 _a860
650 _aSWCE
856 _uSWCE
999 _c615
_d615